[Event "NOR-ch U20"]
[Site "Lillehammer"]
[Date "2013.07.02"]
[Round "5"]
[White "Aas, Flemming"]
[Black "Holleland, Sigve"]
[Result "0-1"]
[WhiteElo "1489"]
[BlackElo "1750"]
[PlyCount "42"]
[EventDate "2013.06.29"]
[EventType "swiss"]
[EventRounds "9"]
[EventCountry "NOR"]
[SourceTitle "EXT 2014"]
[Source "ChessBase"]
[SourceDate "2013.11.20"]
[SourceVersion "1"]
[SourceVersionDate "2013.11.20"]
[SourceQuality "1"]

1. d4 d5 2. c4 c6 3. Nc3 Nf6 4. Nf3 a6 5. Bg5 Ne4 6. Bf4 Nxc3 7. bxc3 dxc4 8. e3 b5 9. Bxb8 Rxb8 10. Ne5 Bb7 11. Qf3 Qd5 12. e4 Qe6 13. Rd1 c5 14. Be2 cxd4 15. Rxd4 Qxe5 16. 0-0 Qf6 17. Qh3 e6 18. Rfd1 Bc5 19. R4d2 0-0 20. Bf1 Bxe4 21. Qg3 Rbd8 0-1

[Event "NOR-ch U20"]
[Site "Lillehammer"]
[Date "2013.06.29"]
[Round "2"]
[White "Aas, Flemming"]
[Black "Hoel, Jorgen"]
[Result "0-1"]
[WhiteElo "1282"]
[BlackElo "1850"]
[PlyCount "86"]
[EventDate "2013.06.29"]
[EventType "swiss"]
[EventRounds "9"]
[EventCountry "NOR"]
[SourceTitle "EXT 2017"]
[Source "ChessBase"]
[SourceDate "2016.10.25"]
[SourceVersion "1"]
[SourceVersionDate "2016.10.25"]
[SourceQuality "1"]

1. d4 d5 2. c4 c6 3. Nc3 Nf6 4. Bg5 dxc4 5. a4 Qa5 6. Bd2 Qb6 7. Bc1 Bf5 8. e3 Na6 9. Bxc4 Nb4 10. a5 Qc7 11. Bb3 Rd8 12. Nge2 Nd3+ 13. Kf1 Ng4 14. Kg1 Ndxf2 15. Qf1 Bg6 16. h3 Nxh1 17. hxg4 Ng3 18. Nxg3 Qxg3 19. Ne2 Qxg4 20. Nf4 e6 21. Bd2 Bd6 22. Bd1 Qh4 23. b4 0-0 24. Be1 Qe7 25. Bf3 Bxb4 26. Bxb4 Qxb4 27. a6 Rd7 28. Qc1 Qb6 29. Nxg6 hxg6 30. axb7 Rxb7 31. Qxc6 Qxc6 32. Bxc6 Rc7 33. d5 exd5 34. Bxd5 Rd8 35. e4 Kf8 36. Ra6 Ke7 37. Kf2 Rd6 38. Ra3 Rb6 39. Rf3 Rf6 40. Kg3 Rxf3+ 41. gxf3 Kf6 42. Kf2 Ke5 43. Ke3 g5 0-1

[Event "NOR-ch U20"]
[Site "Lillehammer"]
[Date "2013.06.29"]
[Round "1"]
[White "Kjolberg, Jens Hjorth"]
[Black "Aas, Flemming"]
[Result "1-0"]
[WhiteElo "2011"]
[BlackElo "1489"]
[PlyCount "55"]
[EventDate "2013.06.29"]
[EventType "swiss"]
[EventRounds "9"]
[EventCountry "NOR"]
[SourceTitle "EXT 2014"]
[Source "ChessBase"]
[SourceDate "2013.11.20"]
[SourceVersion "1"]
[SourceVersionDate "2013.11.20"]
[SourceQuality "1"]

1. e4 e5 2. Nf3 Nc6 3. Bb5 Nf6 4. 0-0 d6 5. Re1 Be7 6. d4 a6 7. Bxc6+ bxc6 8. dxe5 dxe5 9. Qxd8+ Bxd8 10. Nxe5 Bb7 11. Nc3 0-0 12. Nd3 Be7 13. Bf4 Rac8 14. Na4 Nd7 15. Be3 Rcd8 16. Rad1 Rfe8 17. f3 Bc8 18. Bf4 Nf6 19. Bxc7 Rd7 20. Ba5 Bd8 21. Bxd8 Rdxd8 22. Ndc5 Nd7 23. Nxd7 Rxd7 24. Rxd7 Bxd7 25. Nc5 Bc8 26. Rd1 f6 27. Rd6 Kf7 28. Rxc6 1-0

[Event "NOR-ch U20"]
[Site "Lillehammer"]
[Date "2013.06.29"]
[Round "3"]
[White "Lien, Kjell Hakon"]
[Black "Aas, Flemming"]
[Result "1-0"]
[WhiteElo "1887"]
[BlackElo "1282"]
[PlyCount "59"]
[EventDate "2013.06.29"]
[EventType "swiss"]
[EventRounds "9"]
[EventCountry "NOR"]
[SourceTitle "EXT 2017"]
[Source "ChessBase"]
[SourceDate "2016.10.25"]
[SourceVersion "1"]
[SourceVersionDate "2016.10.25"]
[SourceQuality "1"]

1. e4 e5 2. Nf3 Nc6 3. c3 Nf6 4. d4 d6 5. Bb5 exd4 6. cxd4 Bd7 7. Nc3 a6 8. Bd3 h6 9. h3 Be7 10. Be3 0-0 11. 0-0 Nh7 12. a3 Ng5 13. Nxg5 Bxg5 14. f4 Bh4 15. Bc2 Qe8 16. Nd5 Rc8 17. e5 dxe5 18. fxe5 Ne7 19. Nxe7+ Qxe7 20. Qd3 g6 21. Bxh6 Rfd8 22. Bb3 Be6 23. Bxe6 Qxe6 24. Qe4 g5 25. Rf6 Qd5 26. Qf5 Qxd4+ 27. Kh1 Qd7 28. e6 fxe6 29. Qg6+ Kh8 30. Rf7 1-0

[Event "NOR-ch U16"]
[Site "Oslo"]
[Date "2011.11.??"]
[Round "3"]
[White "Machlik, Jon"]
[Black "Aas, Flemming"]
[Result "1-0"]
[WhiteElo "1418"]
[BlackElo "1351"]
[PlyCount "41"]
[EventDate "2011.11.25"]
[EventType "swiss"]
[EventRounds "7"]
[EventCountry "NOR"]
[SourceTitle "EXT 2024"]
[Source "ChessBase"]
[SourceDate "2023.10.10"]
[SourceVersion "1"]
[SourceVersionDate "2023.10.10"]
[SourceQuality "1"]

1. e4 e5 2. Nf3 Nc6 3. Bc4 Bc5 4. b4 Bb6 5. c3 Nf6 6. d3 d6 7. Qb3 0-0 8. Be3 Bxe3 9. fxe3 Ng4 10. Ke2 Qe7 11. Nbd2 Bd7 12. Raf1 Rae8 13. h3 Nh6 14. g4 a6 15. g5 Ng4 16. hxg4 Bxg4 17. Ke1 Kh8 18. Rfg1 Bd7 19. g6 fxg6 20. Rxh7+ Kxh7 21. Rh1+ 1-0

[Event "Bergen Grand Prix"]
[Site "Bergen"]
[Date "2010.11.28"]
[Round "5"]
[White "Bratteteig, Tore Inge"]
[Black "Aas, Flemming"]
[Result "0-1"]
[WhiteElo "1425"]
[BlackElo "1074"]
[PlyCount "64"]
[EventDate "2010.11.26"]
[EventType "swiss"]
[EventRounds "5"]
[EventCountry "NOR"]
[SourceTitle "EXT 2024"]
[Source "ChessBase"]
[SourceDate "2023.10.10"]
[SourceVersion "1"]
[SourceVersionDate "2023.10.10"]
[SourceQuality "1"]

1. d4 Nf6 2. c4 g6 3. Nf3 Bg7 4. Nc3 d6 5. g3 e6 6. Bg2 Nc6 7. 0-0 0-0 8. Bg5 e5 9. d5 Ne7 10. e4 h6 11. Bd2 Nh7 12. Qc1 f5 13. Bxh6 Bd7 14. Bxg7 Kxg7 15. h4 f4 16. Kh2 Ng8 17. Ne2 fxg3+ 18. fxg3 Ngf6 19. Ng5 Ng4+ 20. Kg1 Rxf1+ 21. Bxf1 Qf6 22. Qe1 Nxg5 23. hxg5 Qxg5 24. Nc3 Rf8 25. Bh3 Rh8 26. Bxg4 Qxg4 27. Qf2 Qh3 28. Qg2 Qh5 29. Re1 Bg4 30. Re3 Rf8 31. Qh2 Rf1+ 32. Kg2 Rf2+ 0-1

[Event "Bergen Grand Prix"]
[Site "Bergen"]
[Date "2010.11.27"]
[Round "2"]
[White "Dyrhaug, Erling Skjolas"]
[Black "Aas, Flemming"]
[Result "0-1"]
[WhiteElo "586"]
[BlackElo "1074"]
[PlyCount "108"]
[EventDate "2010.11.26"]
[EventType "swiss"]
[EventRounds "5"]
[EventCountry "NOR"]
[SourceTitle "EXT 2024"]
[Source "ChessBase"]
[SourceDate "2023.10.10"]
[SourceVersion "1"]
[SourceVersionDate "2023.10.10"]
[SourceQuality "1"]

1. e4 e5 2. Nf3 Nc6 3. Bc4 Nf6 4. Nc3 Bb4 5. d3 d6 6. a3 Ba5 7. b4 Bb6 8. 0-0 Bg4 9. Nd5 h6 10. c3 Ne7 11. Nxf6+ gxf6 12. h3 Bh5 13. d4 Qd7 14. Be2 0-0-0 15. Be3 Rdg8 16. Qd2 f5 17. dxe5 Bxe3 18. Qxe3 dxe5 19. Rad1 Qe6 20. Qxa7 Nc6 21. Qa8+ Nb8 22. a4 f4 23. Nh4 Bxe2 24. a5 Qxh3 25. f3 Qxh4 26. Rd2 Ba6 27. Rfd1 Qg5 28. Qa7 Rd8 29. Qc5 Rxd2 30. Rxd2 Rd8 31. Rxd8+ Qxd8 32. b5 Qd6 33. Qxd6 cxd6 34. bxa6 bxa6 35. Kf2 Nc6 36. Ke2 Nxa5 37. Kd2 Kc7 38. Kd3 Kc6 39. c4 Kc5 40. Kc3 Nxc4 41. Kb3 Kd4 42. Kb4 d5 43. exd5 Kxd5 44. Kc3 f5 45. Kd3 a5 46. Kc3 a4 47. Kb4 a3 48. Kb3 e4 49. Ka2 e3 50. Kb3 e2 51. g3 e1Q 52. gxf4 Qe3+ 53. Kc2 a2 54. Kd1 Qd2# 0-1